Normal view
MARC view
- الادارة - المجتمع - التقدم
Entry Topical Term
001 - CONTROL NUMBER
- control field: 51986
003 - CONTROL NUMBER IDENTIFIER
- control field: JO-AjAnu
005 - DATE AND TIME OF LATEST TRANSACTION
- control field: 20230606082541.0
008 - FIXED-LENGTH DATA ELEMENTS
- fixed length control field: 230606|| aca||aabn | a|a d
040 ## - CATALOGING SOURCE
- Original cataloging agency: JO-AjAnu
- Transcribing agency: JO-AjAnu
150 ## - HEADING--TOPICAL TERM
- Topical term or geographic name entry element: الادارة - المجتمع - التقدم
670 ## - SOURCE DATA FOUND
- Source citation: Work cat.: (JO-AjAnu)26569: تاليف حجي، طارق, author 51985, الإدارة والواقع العربي : فصول في الإدارة